000 00417nab a2200145Ia 4500
003 ES-SlBCS
005 20210601131733.0
008 140529s1953 xxu||||| |||| 00| 0 fre d
041 _afre
100 1 _aOlanie, Odile
_9188439
245 0 0 _aLes journées universitaires de Nancy
_c Odile Olanie
650 0 4 _aUniversidad
_9100774
773 0 _tVie Intelectuelle (La)
_gnº. 5, 1953, págs. 72-78
_wRev907
942 _cAR
999 _c567933
_d567933